Sports Quiz

Random Sports or World Quiz

Athletics World Championships 200m Medallists (Women) Quiz Stats

Quiz not verified by Sporcle

Challenge
Share
Tweet
Embed
Score 0/31 Timer 15:00
0 Plays Today
Country Name % Correct
USAAllyson Felix
81.8%
JAMShelly-Ann Fraser-Pryce
81.8%
JAMMerlene Ottey
72.7%
JAMVeronica Campbell-Brown
72.7%
UKRZhanna Block
72.7%
GDRMarita Koch
63.6%
NEDDafne Schippers
63.6%
CIVMurielle Ahouré
63.6%
JAMElaine Thompson
54.5%
NGRBlessing Okagbare
54.5%
GERKatrin Krabbe
45.5%
USAInger Miller
45.5%
USAMarion Jones
45.5%
FRAChristine Arron
45.5%
USAFlorence Griffith-Joyner
36.4%
USATorri Edwards
36.4%
Country Name % Correct
USACarmelita Jeter
36.4%
RUSAnastasiya Kapachinskaya
27.3%
USAGwen Torrence
27.3%
RUSIrina Privalova
27.3%
GDRSilke Möller
18.2%
SRISusanthika Jayasinghe
18.2%
BAHDebbie Ferguson-McKenzie
18.2%
GBRKathy Smallwood-Cook
18.2%
FRAMuriel Hurtis
18.2%
RUSGalina Malchugina
9.1%
JAMBeverly McDonald
0%
USARachelle Boone-Smith
0%
JAMMerlene Frazer
0%
USALaTasha Jenkins
0%
GERAndrea Philipp
0%

You're not logged in!

Compare scores with friends on all Sporcle quizzes.
Sign Up with Email
OR
Log In

You Might Also Like...

Show Comments

Extras

Top Quizzes Today


Score Distribution

Your Account Isn't Verified!

In order to create a playlist on Sporcle, you need to verify the email address you used during registration. Go to your Sporcle Settings to finish the process.